| 000 | 00762nam a22002177a 4500 | ||
|---|---|---|---|
| 999 |
_c5613 _d5613 |
||
| 003 | AR-CdUCM | ||
| 008 | 190312b ||||| |||| 00| 0 spa d | ||
| 040 |
_aMUNICIPALIDAD PROVINCIAL DEL CUSCO _cBIBLIOTECA MUNICIPAL DEL CUSCO |
||
| 082 |
_a869.568 / _bO93 |
||
| 100 |
_aOviedo, José Miguel _9271 |
||
| 245 |
_aMario Vargas Llosa : _bLa invención de una realidad / |
||
| 260 |
_aBarcelona : _bBarral Editores _c1970. |
||
| 300 |
_a272 páginas ; _c20 cm. |
||
| 500 | _aDonación familia Luis Nieto | ||
| 505 | _aContenido: La vida -- La persona Literaria: Tres aproximaciones -- La obra --Síntesis. | ||
| 650 |
_aEnsayos peruanos _9233 |
||
| 650 |
_aHistoria y crítica _95993 |
||
| 650 |
_aLiteratura peruana _9169 |
||
| 942 |
_2ddc _cLIBROS |
||
| 945 | _adavv | ||